书目信息 |
| 题名: |
世界名人未解之谜
|
|
| 作者: | 王怡卿 , 万永勇 编著 | |
| 分册: | ||
| 出版信息: | 北京 华文出版社 2009.06 |
|
| 页数: | 212页 | |
| 开本: | 24cm | |
| 丛书名: | 图说经典 | |
| 单 册: | ||
| 中图分类: | K811 | |
| 科图分类: | ||
| 主题词: | 名人--Ming Ren--生平事迹--世界 | |
| 电子资源: | ||
| ISBN: | 978-7-5075-2653-0 | |
| 000 | 00973nam 2200265 450 | |
| 001 | CAL 012009114761 | |
| 005 | 20111228163235.73 | |
| 010 | @a978-7-5075-2653-0@dCNY29.80 | |
| 100 | @a20110922d2009 ekmy0chiy50 ea | |
| 101 | 0 | @achi |
| 102 | @aCN@b110000 | |
| 105 | @aa z 000yc | |
| 200 | 1 | @a世界名人未解之谜@AShi Jie Ming Ren Wei Jie Zhi Mei@f王怡卿, 万永勇编著 |
| 210 | @a北京@c华文出版社@d2009.06 | |
| 215 | @a212页@c彩图@d24cm | |
| 225 | 2 | @a图说经典@ATu Shui Jing Dian@i彩色图解未解之谜 |
| 330 | @a本书以一种全新的视角来解读与研究世界名人。对70多个世界名人未解之谜进行全面剖析,涉及政治、军事、科技、文化、艺术等诸多领域,深入挖掘名人背后鲜为人知的心路历程及事件真相。 | |
| 410 | 0 | @12001 @a彩色图解未解之谜 |
| 410 | 0 | @12001 @a图说经典 |
| 606 | 0 | @a名人@AMing Ren@x生平事迹@y世界 |
| 690 | @aK811@v5 | |
| 701 | 0 | @a王怡卿@AWang Yi Qing@4编著 |
| 701 | 0 | @a万永勇@AMo Yong Yong@4编著 |
| 801 | 0 | @aCN@bHNDDDT@c20111228 |
| 905 | @aZUCC@dK811@eW420@f6 | |
| 世界名人未解之谜/王怡卿, 万永勇编著.-北京:华文出版社,2009.06 |
| 212页:彩图;24cm.-(图说经典.彩色图解未解之谜) |
| ISBN 978-7-5075-2653-0:CNY29.80 |
| 本书以一种全新的视角来解读与研究世界名人。对70多个世界名人未解之谜进行全面剖析,涉及政治、军事、科技、文化、艺术等诸多领域,深入挖掘名人背后鲜为人知的心路历程及事件真相。 |
| ● |
| 相关链接 |
|
|
|
正题名:世界名人未解之谜
索取号:K811/W420
 
预约/预借
| 序号 | 登录号 | 条形码 | 馆藏地/架位号 | 状态 | 备注 |
| 1 | 1185203 | 211852039 | 自科二线404/309社科库 45排2列1层/ [索取号:K811/W420] | 在馆 | |
| 2 | 1185204 | 211852048 | 自科二线404/309社科库 45排2列1层/ [索取号:K811/W420] | 在馆 | |
| 3 | 1185205 | 211852057 | 社科库309/309社科库 42排3列5层/ [索取号:K811/W420] | 在馆 | |
| 4 | 1189525 | 211895252 | 自科二线404/309社科库 45排2列1层/ [索取号:K811/W420] | 在馆 | |
| 5 | 1189526 | 211895261 | 自科二线404/309社科库 45排2列1层/ [索取号:K811/W420] | 在馆 | |
| 6 | 1189527 | 211895270 | 社科库309/309社科库 42排3列5层/ [索取号:K811/W420] | 在馆 |